000 00686cam a2200229 4500
001 ABS62577
008 000000n2000 000 0 eng u
035 _a(Sirsi) u107341
100 _aHolden, G.
245 _aHomebuyer reports reviewed
260 _c2000
490 _aCSM
_bChartered Surveyor Monthly
_vJuly/August 2000, 32(1)
520 _aGives guidance on preparing homebuyer reports, following a study of 200 'live' surveys.
590 _aABS
650 _aRICS HOMEBUYER SURVEY AND VALUATION
650 _aSURVEYS
650 _aGUIDANCE
650 _aROOF SPACE
650 _aERRORS AND OMISSIONS
690 _aBUILT ENVIRONMENT-BUILDING INSPECTION
942 _n0
999 _c64179
_d64179